Word Ladder: Linguistics Quiz Stats

 Plays Quiz Updated Jun 13, 2016

Challenge
Share
Tweet
Embed
Score 0/30 Timer 04:00
0 Plays Today
Clue 4-Letter Word % Correct
Sound of an explosionBOOM
96.3%
Component of a houseROOM
94%
To wander aimlesslyROAM
93.8%
Italian shaped footware?BOOT
92.6%
A rundown urban areaSLUM
91.1%
Instrument that comes with sticksDRUM
90.5%
Black, carbonaceous substanceSOOT
89.8%
SkinnySLIM
89.6%
Put one foot forwardSTEP
89.2%
'Project Runway' host HeidiKLUM
89.1%
An impudent childBRAT
89.1%
BoastBRAG
89%
Pigs eat thisSLOP
88.2%
Lacking mannersRUDE
88%
A place to stick a tab or a tokenSLOT
88%
Clue 4-Letter Word % Correct
Prozac or ibuprofen, e.g.DRUG
87.9%
To haul slowly, usually by pullingDRAG
87.5%
❖ Past tense of 'to travel on a bus or horse' ❖RODE
86.4%
Defeat in a contestBEAT
86.2%
❖ /p, t, k, b, d, g/ are examples of this ❖STOP
81.7%
Symbol of ancient writingRUNE
77.8%
Actress Russo or painter MagritteRENÉ
75.7%
❖ Another name for a word 'root' ❖STEM
74.9%
❖ IPA for 'steam' ❖/sti:m/
72.8%
Latin for 'mark well': nota ___BENE
68.5%
A slant or biasBENT
67.9%
❖ Universal Grammar linguist Chomsky ❖NOAM
61.4%
Viktor the Triwizard contestantKRUM
61%
❖ IPA for a word meaning 'raw, unrefined' ❖/kɹu:d/
37.4%
❖ IPA for word meaning 'hinted, like a crossword' ❖/klu:d/
37.3%

Today's Daily Dose

You're not logged in!

Compare scores with friends on all Sporcle quizzes.
OR
Log In

You Might Also Like...

Show Comments

Extras

Top Quizzes Today


Score Distribution

Your Account Isn't Verified!

In order to create a playlist on Sporcle, you need to verify the email address you used during registration. Go to your Sporcle Settings to finish the process.

Report this User

Report this user for behavior that violates our Community Guidelines.

Details: